000 00281nam a2200109Ia 4500
999 _c7165
_d7165
020 _a978-0-07-070655-2.
100 _aFrank S.Budnick
245 0 _aApplied Mathematics for Business Economics and School Science
260 _aNew York
_bMacmillan
_c1993
300 _a993
942 _cBK